000 00285nam a22001097a 4500
999 _c167340
_d167340
082 _a
_b
100 _aGomathi Amma
245 _aMohan Rakesh ke natak aak visaleshanathmak adhyayan/
_cby Gomathi Amma.
260 _aMathura:
_bJawahar Pustakalaya,
_c2009.
650 _a
942 _cBK